[Event "Nakhchivan Open 2018"]
[Site "Nakhchivan AZE"]
[Date "2018.05.09"]
[Round "8.10"]
[White "Korneev, Oleg"]
[Black "Bashirli, Nail"]
[Result "1-0"]
[WhiteTitle "GM"]
[BlackTitle "IM"]
[WhiteElo "2533"]
[BlackElo "2374"]
[WhiteFideId "4156803"]
[BlackFideId "13406809"]
[EventDate "2018.05.01"]

1. e4 c5 2. Nf3 d6 3. d4 cxd4 4. Nxd4 Nf6 5. Nc3 Nc6 6. Bg5 e6 7. Qd2 a6 8.
O-O-O Bd7 9. f3 b5 10. Nxc6 Bxc6 11. Kb1 Qc7 12. Ne2 Bb7 13. Nd4 Be7 14. h4 h6
15. Be3 Nd7 16. Rh3 Rc8 17. g4 Ne5 18. g5 h5 19. Qe1 Nc4 20. g6 Bf6 21. gxf7+
Kxf7 22. Bxc4 Qxc4 23. Rh2 d5 24. e5 Bxe5 25. Bg1 Qc7 26. f4 Bf6 27. Qxe6+ Kf8
28. f5 Rh6 29. Qe2 Qe5 30. Qd2 Kf7 31. Re2 Qc7 32. Bh2 Qc4 33. Be5 Re8 34. b3
Qxe2 35. Qxe2 Rxe5 36. Qf2 Bc8 37. Nc6 Rxf5 38. Qa7+ Kg6 39. Ne7+ Bxe7 40. Qxe7
Rf7 41. Qe8 Bf5 42. Rxd5 1-0

[Event "Nakhchivan Open 2018"]
[Site "Nakhchivan AZE"]
[Date "2018.05.09"]
[Round "8.11"]
[White "Abdulov, Orkhan"]
[Black "Malakhatko, Vadim"]
[Result "1-0"]
[WhiteTitle "IM"]
[BlackTitle "GM"]
[WhiteElo "2401"]
[BlackElo "2532"]
[WhiteFideId "13402714"]
[BlackFideId "14104202"]
[EventDate "2018.05.01"]

1. e4 c5 2. Nf3 e6 3. d4 cxd4 4. Nxd4 Nc6 5. Nc3 Qc7 6. Be3 a6 7. Qd2 Nf6 8. f4
Bb4 9. Bd3 Ng4 10. Bg1 O-O 11. e5 f6 12. h3 Nh6 13. exf6 Rxf6 14. O-O-O Qxf4 15.
Be3 Qc7 16. Rhf1 Nf7 17. Rxf6 gxf6 18. Nxc6 bxc6 19. Qf2 Bxc3 20. bxc3 Qe5 21.
h4 f5 22. g4 f4 23. Bxf4 Qxc3 24. Rf1 Bb7 25. g5 c5 26. h5 Qg7 27. h6 Qc3 28.
Bb8 Qa1+ 29. Kd2 Qxf1 30. Qxf1 1-0

[Event "Nakhchivan Open 2018"]
[Site "Nakhchivan AZE"]
[Date "2018.05.09"]
[Round "8.12"]
[White "Muradli, Mahammad"]
[Black "Beradze, Irakli"]
[Result "0-1"]
[WhiteTitle "IM"]
[BlackTitle "IM"]
[WhiteElo "2417"]
[BlackElo "2486"]
[WhiteFideId "13409301"]
[BlackFideId "13604597"]
[EventDate "2018.05.01"]

1. Nf3 c5 2. c4 Nc6 3. Nc3 g6 4. e3 d6 5. d4 Bg4 6. Be2 Bg7 7. d5 Bxf3 8. Bxf3
Bxc3+ 9. bxc3 Ne5 10. Be2 f5 11. f4 Nf7 12. e4 fxe4 13. Bg4 Qa5 14. Qc2 Nf6 15.
Be6 Nd8 16. Bh3 Qa6 17. Qe2 Nf7 18. Rb1 h5 19. Be6 Nd8 20. f5 Nxe6 21. fxe6
O-O-O 22. Bg5 Ng4 23. O-O Rde8 24. Rf4 e3 25. h3 Ne5 26. Re4 Qa3 27. Bf4 Qxc3
28. Bxe5 dxe5 29. Rxe3 Qd4 30. Rd1 Qf4 31. Re4 Qg3 32. Rd3 Qg5 33. Rxe5 Qc1+ 34.
Rd1 Qf4 35. Re4 Qd6 36. Rf1 Reg8 37. Rf7 g5 38. Qb2 a6 39. Qe5 Qxe5 40. Rxe5 Kc7
41. Re1 Kd6 42. a4 Rb8 43. Rb1 b6 44. Kf2 g4 45. h4 Rhg8 46. g3 b5 47. axb5 axb5
48. cxb5 Kxd5 49. Rxe7 Rgf8+ 50. Ke2 Kd6 51. Rh7 Kxe6 52. Rxh5 Rf3 53. Rxc5 Rxg3
54. b6 Kd6 55. Rf5 Rh3 56. h5 Ke6 57. Ra5 Rh2+ 58. Ke3 g3 59. b7 g2 60. Rg5 Kf6
61. Rg6+ Kf7 62. Rg5 Rh1 63. Rb2 g1=Q+ 64. Rxg1 Rxg1 65. Kd4 Rc1 66. h6 Kg6 0-1

[Event "Nakhchivan Open 2018"]
[Site "Nakhchivan AZE"]
[Date "2018.05.10"]
[Round "9.1"]
[White "Mamedov, Nidjat"]
[Black "Tiviakov, Sergei"]
[Result "1/2-1/2"]
[WhiteTitle "GM"]
[BlackTitle "GM"]
[WhiteElo "2602"]
[BlackElo "2569"]
[WhiteFideId "13400819"]
[BlackFideId "1008013"]
[EventDate "2018.05.01"]

1. e4 e6 2. d4 d5 3. Nd2 dxe4 4. Nxe4 Nd7 5. Nf3 Ngf6 6. Bd3 c5 7. O-O Nxe4 8.
Bxe4 Nf6 9. Bg5 cxd4 10. Nxd4 Be7 11. Bf3 1/2-1/2

[Event "Nakhchivan Open 2018"]
[Site "Nakhchivan AZE"]
[Date "2018.05.10"]
[Round "9.2"]
[White "Safarli, Eltaj"]
[Black "Korneev, Oleg"]
[Result "1/2-1/2"]
[WhiteTitle "GM"]
[BlackTitle "GM"]
[WhiteElo "2657"]
[BlackElo "2533"]
[WhiteFideId "13402129"]
[BlackFideId "4156803"]
[EventDate "2018.05.01"]

1. e4 c5 2. Nf3 e6 3. d4 cxd4 4. Nxd4 Nc6 5. Nc3 Qc7 6. g3 a6 7. Bg2 Nf6 8. O-O
Bc5 9. Nxc6 dxc6 10. Na4 Ba7 11. c4 e5 12. c5 Be6 13. Qc2 O-O 14. Be3 Rad8 15.
b4 Qe7 16. f3 Bb8 17. Rfc1 h6 18. Nb6 Nh7 19. Rd1 Rxd1+ 20. Rxd1 f5 21. exf5
Bxf5 22. Qd2 Nf6 23. Nc4 Nd5 24. Nd6 Nxe3 25. Qxe3 Rd8 26. Qd2 Bxd6 27. cxd6 Qf6
28. a3 1/2-1/2

[Event "Nakhchivan Open 2018"]
[Site "Nakhchivan AZE"]
[Date "2018.05.10"]
[Round "9.3"]
[White "Korobov, Anton"]
[Black "Pak, Yevgeniy"]
[Result "1-0"]
[WhiteTitle "GM"]
[BlackTitle "IM"]
[WhiteElo "2678"]
[BlackElo "2390"]
[WhiteFideId "14105730"]
[BlackFideId "14201712"]
[EventDate "2018.05.01"]

1. d4 Nf6 2. c4 e6 3. Nc3 Bb4 4. e3 b6 5. Ne2 Ba6 6. a3 Bxc3+ 7. Nxc3 d5 8. b3
Nc6 9. a4 O-O 10. Ba3 Re8 11. Be2 Na5 12. Rb1 c6 13. O-O Nb7 14. Qc2 dxc4 15.
bxc4 e5 16. dxe5 Rxe5 17. e4 Re8 18. Rbd1 Qc7 19. f4 Nd7 20. e5 Nbc5 21. Bd3 h6
22. Ne4 Nxe4 23. Bxe4 Nc5 24. Bxc5 bxc5 25. Rd6 Rad8 26. Rfd1 Rxd6 27. exd6 Qd7
28. Bf5 Qd8 29. d7 Re7 30. Qd3 g6 31. Bxg6 1-0

[Event "Nakhchivan Open 2018"]
[Site "Nakhchivan AZE"]
[Date "2018.05.10"]
[Round "9.4"]
[White "Tutisani, Noe"]
[Black "Guseinov, Gadir"]
[Result "0-1"]
[WhiteTitle "FM"]
[BlackTitle "GM"]
[WhiteElo "2460"]
[BlackElo "2654"]
[WhiteFideId "13602853"]
[BlackFideId "13401378"]
[EventDate "2018.05.01"]

1. e4 c5 2. Nf3 Nc6 3. d4 cxd4 4. Nxd4 g6 5. c4 Bg7 6. Be3 Qb6 7. Nb5 Qa5+ 8.
Bd2 Qd8 9. Bc3 Nf6 10. Nd2 O-O 11. Be2 a6 12. Nd4 d6 13. O-O Bd7 14. N4b3 Qb8
15. a4 b6 16. f4 Ra7 17. Nc1 Rc8 18. Nd3 b5 19. e5 Ne8 20. exd6 Bxc3 21. bxc3
Nxd6 22. Rb1 Rb7 23. axb5 axb5 24. Kh1 Na5 25. Bf3 Ra7 26. Ne5 Bf5 27. Rb4 Naxc4
28. Ndxc4 Nxc4 29. Nc6 Rxc6 30. Bxc6 Ne3 31. Qe2 Nxf1 32. Qxf1 Qc7 33. Bxb5 Qxc3
34. Ra4 Bd3 35. Qd1 Be2 36. Qg1 Rxa4 37. Bxa4 Qc4 38. Qb1 Qxf4 0-1

[Event "Nakhchivan Open 2018"]
[Site "Nakhchivan AZE"]
[Date "2018.05.10"]
[Round "9.5"]
[White "Beradze, Irakli"]
[Black "Bernadskiy, Vitaliy"]
[Result "1/2-1/2"]
[WhiteTitle "IM"]
[BlackTitle "GM"]
[WhiteElo "2486"]
[BlackElo "2589"]
[WhiteFideId "13604597"]
[BlackFideId "14100371"]
[EventDate "2018.05.01"]

1. Nf3 Nf6 2. g3 d5 3. Bg2 e6 4. O-O c5 5. c4 dxc4 6. Na3 Nc6 7. Nxc4 Be7 8. b3
O-O 9. Bb2 Qc7 10. Nfe5 Bd7 11. Rc1 Rfd8 12. f4 b5 13. Nxd7 Nxd7 14. Ne3 Rac8
15. f5 Qd6 16. fxe6 fxe6 17. Ng4 Nde5 18. Nxe5 Nxe5 19. Qc2 Bf6 20. Bc3 b4 21.
Bxe5 Bxe5 22. Qe4 Qd4+ 23. Qxd4 Bxd4+ 24. e3 Bf6 25. Rc2 e5 26. Be4 Be7 27. Kf2
Rf8+ 28. Ke2 Rxf1 29. Kxf1 g6 30. Ke2 Rd8 31. Rc1 Kg7 32. Rf1 Rf8 33. Ra1 Rf6
34. a4 a5 35. Rc1 Rf8 36. Rc4 Rd8 37. h4 h5 38. Rc1 Rf8 39. Rg1 Rh8 40. Rf1 Rd8
41. Bd3 Rd6 42. Bc4 Rf6 43. Rxf6 Kxf6 44. Kf3 Bd6 45. Ke4 Ke7 46. Be2 Bc7 47.
Bb5 Bb8 48. Bc4 Bc7 49. Bd5 Kf6 50. Bc4 Ke7 51. Bd3 Ke6 52. Be2 Bb8 53. Bf3 Bc7
54. Bd1 Bb8 55. Bc2 Bc7 56. Kf3 Kf6 57. Be4 g5 58. hxg5+ Kxg5 59. Bd3 h4 60.
gxh4+ Kxh4 61. Bc4 Kg5 62. Ke4 Kf6 63. Kd5 Ke7 64. Kc6 Bd8 65. Kxc5 Kd7 66. Kd5
Bf6 67. Bd3 Kc7 68. Bf5 Kb6 69. Kd6 Bg7 70. Bc2 Bf6 71. Bd1 Bg7 72. Be2 Bf6 73.
Bc4 Bg7 74. e4 Bh6 75. Kxe5 Bxd2 76. Kd5 Bf4 77. e5 Kc7 78. Be2 Bg3 79. Bf3 Bf4
80. Ke6 Bg5 81. Kd5 Be7 82. Ke6 1/2-1/2

[Event "Nakhchivan Open 2018"]
[Site "Nakhchivan AZE"]
[Date "2018.05.10"]
[Round "9.6"]
[White "Ibrahimli, Murad"]
[Black "Firouzja, Alireza"]
[Result "1-0"]
[WhiteTitle "FM"]
[BlackTitle "IM"]
[WhiteElo "2305"]
[BlackElo "2570"]
[WhiteFideId "13410229"]
[BlackFideId "12573981"]
[EventDate "2018.05.01"]

1. d4 Nf6 2. Nf3 d6 3. Bf4 Nh5 4. Bg5 h6 5. Bh4 g5 6. Bg3 Bg7 7. e3 c5 8. c3
cxd4 9. cxd4 Nd7 10. Nc3 Ndf6 11. Bb5+ Kf8 12. O-O Kg8 13. Bc4 e6 14. Qb3 Nxg3
15. fxg3 g4 16. Ne1 h5 17. d5 e5 18. Bd3 e4 19. Be2 Qe7 20. Nc2 Nd7 21. Nd4 Nc5
22. Qd1 a5 23. Bb5 Be5 24. Nce2 Qg5 25. Nf4 h4 26. Qe1 hxg3 27. Qxg3 Qh6 28.
Rad1 Rh7 29. Be2 Nd3 30. Bxd3 exd3 31. h4 Bd7 32. Rxd3 Rc8 33. Rc3 Rc5 34. Rxc5
dxc5 35. Nf3 Bg7 36. Ng5 Qxh4 37. Qxh4 Rxh4 38. Ne4 b6 39. d6 Be5 40. g3 Rh6 41.
Nd5 Kg7 42. Nxb6 Bc6 43. Nc4 Rh5 44. Nxe5 Rxe5 45. Rf4 f5 46. Nc3 Kg6 47. Kf2
Bd7 48. e4 fxe4 49. Ke3 Bf5 50. Rf1 Bd7 51. Rf4 Bf5 52. b3 Kg5 53. Rf1 Be6 54.
Rf8 Bf5 55. Rf7 Re8 56. Rc7 Kf6 57. Rxc5 Ke6 58. Nb5 Bg6 59. Nd4+ Kf6 60. d7 Rd8
61. Rc6+ Kf7 62. Rd6 1-0

[Event "Nakhchivan Open 2018"]
[Site "Nakhchivan AZE"]
[Date "2018.05.10"]
[Round "9.7"]
[White "Khenkin, Igor"]
[Black "Galego, Luis"]
[Result "1-0"]
[WhiteTitle "GM"]
[BlackTitle "GM"]
[WhiteElo "2557"]
[BlackElo "2477"]
[WhiteFideId "4659600"]
[BlackFideId "1900072"]
[EventDate "2018.05.01"]

1. d4 Nf6 2. c4 d6 3. Nf3 Nbd7 4. Nc3 e5 5. e4 c6 6. Be2 Be7 7. Nh4 exd4 8. Qxd4
Nc5 9. Nf5 Bxf5 10. exf5 a5 11. g4 O-O 12. g5 Nfd7 13. Rg1 Re8 14. Be3 Bf8 15.
Rg3 a4 16. Rh3 Re5 17. Qg4 g6 18. Qh4 h6 19. fxg6 fxg6 20. O-O-O h5 21. Bxh5
gxh5 22. Qxh5 Bg7 23. Qh7+ Kf8 24. Rf3+ 1-0

[Event "Nakhchivan Open 2018"]
[Site "Nakhchivan AZE"]
[Date "2018.05.10"]
[Round "9.9"]
[White "Ghaem Maghami, Ehsan"]
[Black "Sanal, Vahap"]
[Result "1-0"]
[WhiteTitle "GM"]
[BlackTitle "GM"]
[WhiteElo "2531"]
[BlackElo "2505"]
[WhiteFideId "12500739"]
[BlackFideId "6300545"]
[EventDate "2018.05.01"]

1. Nf3 Nf6 2. c4 e6 3. g3 b6 4. Bg2 Bb7 5. O-O Be7 6. Nc3 O-O 7. Re1 d5 8. cxd5
exd5 9. d4 Na6 10. Bf4 c5 11. Qa4 Qe8 12. Qc2 Nb4 13. Qd1 Ne4 14. a3 Na6 15. Rc1
Rd8 16. Qc2 Bf6 17. e3 Nxc3 18. Qxc3 Qe7 19. Qc2 Qe6 20. Bg5 Rc8 21. Qa4 Qc6 22.
Qxc6 Rxc6 23. Bxf6 Rxf6 24. Ne5 Rd6 25. Red1 Ba8 26. dxc5 Nxc5 27. Nf3 g6 28.
Nd4 Rfd8 29. Bh3 f5 30. Rc2 Kf7 31. g4 fxg4 32. Bxg4 h5 33. Bh3 a5 34. b4 axb4
35. axb4 Na6 36. Ra1 Nxb4 37. Rc7+ Kf6 38. Bc8 Bc6 39. Rb1 Rxc8 40. Rxc8 Bd7 41.
Rb8 1-0

[Event "Nakhchivan Open 2018"]
[Site "Nakhchivan AZE"]
[Date "2018.05.10"]
[Round "9.10"]
[White "Gadimbayli, Abdulla"]
[Black "Abdulov, Orkhan"]
[Result "0-1"]
[WhiteTitle "IM"]
[BlackTitle "IM"]
[WhiteElo "2419"]
[BlackElo "2401"]
[WhiteFideId "13404938"]
[BlackFideId "13402714"]
[EventDate "2018.05.01"]

1. e4 e5 2. Nf3 Nc6 3. Bb5 a6 4. Ba4 Nf6 5. O-O b5 6. Bb3 Be7 7. Re1 d6 8. c3
O-O 9. h3 Na5 10. Bc2 c5 11. d4 Qc7 12. d5 Bd7 13. Nbd2 c4 14. Nf1 Nb7 15. g4
Nc5 16. Ng3 a5 17. a3 Rfb8 18. Bd2 g6 19. Kg2 Rb7 20. Rh1 Rab8 21. g5 Ne8 22. h4
Bg4 23. h5 Ng7 24. hxg6 fxg6 25. Rh4 Qd7 26. Nxe5 Bxd1 27. Nxd7 Bxc2 28. Nxb8
Rxb8 29. Be3 h5 30. f3 Ne8 31. Ne2 Nb3 32. Re1 b4 33. axb4 axb4 34. Kf2 bxc3 35.
bxc3 Nc7 36. Rhh1 Kf7 37. Rhg1 Nb5 38. e5 dxe5 39. f4 exf4 40. Bxf4 Rd8 41. Kg2
Rxd5 42. Rgf1 Bf5 43. Ng3 Nxc3 44. Be5 Rd2+ 45. Kg1 Nd5 46. Nxf5 gxf5 47. Rxf5+
Kg6 48. Rf3 Bc5+ 49. Kh1 Nd4 0-1

[Event "Nakhchivan Open 2018"]
[Site "Nakhchivan AZE"]
[Date "2018.05.10"]
[Round "9.11"]
[White "Hojjatova, Aydan"]
[Black "Aleksandrov, Aleksej"]
[Result "1/2-1/2"]
[WhiteTitle "WFM"]
[BlackTitle "GM"]
[WhiteElo "2344"]
[BlackElo "2594"]
[WhiteFideId "13401491"]
[BlackFideId "13500139"]
[EventDate "2018.05.01"]

1. e4 e5 2. Nf3 Nc6 3. Bb5 Nf6 4. O-O Nxe4 5. Re1 Nd6 6. Nxe5 Be7 7. Bf1 Nxe5 8.
Rxe5 O-O 9. d4 Bf6 10. Re1 Re8 11. Rxe8+ Nxe8 12. c3 d5 13. Bf4 c6 14. Bd3 g6
15. Nd2 Ng7 16. Nf3 Bf5 1/2-1/2

[Event "Nakhchivan Open 2018"]
[Site "Nakhchivan AZE"]
[Date "2018.05.10"]
[Round "9.12"]
[White "Pasiev, Rakhim"]
[Black "Smirin, Ilia"]
[Result "0-1"]
[WhiteTitle "IM"]
[BlackTitle "GM"]
[WhiteElo "2416"]
[BlackElo "2592"]
[WhiteFideId "24122475"]
[BlackFideId "2801990"]
[EventDate "2018.05.01"]

1. e4 c5 2. Nf3 d6 3. d4 cxd4 4. Qxd4 a6 5. Nc3 Nc6 6. Qd3 Nf6 7. Bg5 e6 8.
O-O-O Be7 9. Kb1 b5 10. Bxf6 gxf6 11. Nd4 Nxd4 12. Qxd4 Qc7 13. f4 Qc5 14. Qd3
Bb7 15. Ne2 d5 16. e5 fxe5 17. fxe5 d4 18. Nxd4 Qxe5 19. Be2 Be4 20. Qc3 b4 21.
Qb3 Rd8 22. Nf3 Rxd1+ 23. Rxd1 Qc5 24. Bxa6 Bd5 25. Qd3 O-O 26. Nd2 Rd8 27. Qg3+
Kf8 28. Nb3 Qa7 29. Bd3 Ra8 30. Nc1 Bf6 31. Bxh7 Bxa2+ 32. Nxa2 Qxa2+ 33. Kc1
Bxb2+ 34. Kd2 Qd5+ 35. Ke2 Qh5+ 36. Qf3 Qe5+ 37. Kf1 Ra3 38. Bd3 Qxh2 39. Qg4
Bc3 40. Be4 Qh6 41. Bc6 Ra5 42. Be4 f5 43. Qg3 Re5 44. Qd3 Rxe4 45. Qd8+ Kf7 46.
Rd7+ Kg6 47. Qe8+ Kg5 48. Qg8+ Kf4 49. g3+ Kf3 50. Rd3+ Re3 51. Qa8+ Kg4 52.
Qg8+ Bg7 53. Rxe3 Qxe3 54. Qxg7+ Kf3 55. Qb7+ Qe4 0-1